| 000 | 00929nam a2200277 a 4500 | ||
|---|---|---|---|
| 001 | 000045132 | ||
| 003 | DO-SdBNP | ||
| 005 | 20150219121224.0 | ||
| 007 | 000045132 | ||
| 008 | 150204s1991 dr 000 0 spa d | ||
| 040 |
_aBPMET _bspa _cBPMET |
||
| 100 | 1 | _aGarcía Arévalo, Manuel | |
| 245 | 1 | 0 |
_aDescubrimiento y conquista : _bLibros para colorear no. 2 / _cManuel García Arábelab, José Chez Checo. |
| 250 | _a2a. ed. | ||
| 260 |
_aSanto Domingo : _bFundación García Arpevalo, _c1991. |
||
| 300 |
_a66 p. : _bil. ; _c29 cm. |
||
| 490 |
_aLibros para colorear _v2 |
||
| 700 | 1 | _aChez Checo, José | |
| 830 |
_pLibros para colorear _v2 |
||
| 930 | 1 |
_lBND01 _mLF1 _820150204 _f01 _pCT _g46761 |
|
| 930 | 1 |
_lBND01 _mLF1 _820150204 _f01 _pCT _g46761 _he. 2 |
|
| 942 |
_2ddc _cCR |
||
| 956 |
_aDGARCIA _b10 _c20150204 _lBND01 _h1110 |
||
| 956 |
_aDGARCIA _b10 _c20150204 _lBND01 _h1110 |
||
| 956 |
_aVMATEO _b10 _c20150209 _lBND01 _h1342 |
||
| 999 |
_c7448 _d7448 |
||